Urbanisation and tourism in India : A spatio-structural analysis (Record no. 22593)

MARC details
000 -LEADER
fixed length control field 00425nam a2200157Ia 4500
082 ## - DEWEY DECIMAL CLASSIFICATION NUMBER
Classification number TS.0862
100 ## - MAIN ENTRY--AUTHOR NAME
Personal name Sonak, Anshu
245 #0 - TITLE STATEMENT
Title Urbanisation and tourism in India : A spatio-structural analysis
260 ## - PUBLICATION, DISTRIBUTION, ETC. (IMPRINT)
Year of publication 1994
Name of publisher University of Delhi
300 ## - PHYSICAL DESCRIPTION
Number of Pages 330p.
650 ## - SUBJECT ADDED ENTRY--TOPICAL TERM
Topical Term URBANIZATION - INDIA
650 ## - SUBJECT ADDED ENTRY--TOPICAL TERM
Topical Term TOURISM//TOURIST TRADE
650 ## - SUBJECT ADDED ENTRY--TOPICAL TERM
Topical Term TOURIST TRADE - INDIA
710 ## - ADDED ENTRY--CORPORATE NAME
Corporate name or jurisdiction name as entry element Khan, Barkatullah
942 ## - ADDED ENTRY ELEMENTS (KOHA)
Koha item type Thesis
Source of classification or shelving scheme Dewey Decimal Classification
Holdings
Withdrawn status Lost status Damaged status Not for loan Home library Current library Date acquired Bill Date Full call number Accession Number Price effective from Koha item type
        NASSDOC Library NASSDOC Library 08/10/2004 2008-12-30 TS.0862 36042 18/04/2019 Thesis